[Event "XVII Festival Magistrale"]
[Site "Asti ITA"]
[Date "1996.10.13"]
[Round "9"]
[White "Kosten, Anthony C."]
[Black "Naumkin, Igor"]
[Result "1-0"]
[WhiteElo "2525"]
[BlackElo "2430"]
[PlyCount "145"]
[EventDate "1996.10.05"]

1. c4 e5 2. Nc3 Nf6 3. Nf3 Nc6 4. d4 exd4 5. Nxd4 Bb4 6. Bg5 h6 7. Bh4 Bxc3+ 8.
bxc3 d6 9. f3 Ne5 10. e4 Ng6 11. Bf2 O-O 12. Qd2 Re8 13. Be2 Nh5 14. g3 Ne5 15.
h3 Nf6 16. g4 c6 17. O-O d5 18. exd5 cxd5 19. Rad1 Bd7 20. cxd5 Nxd5 21. Nf5
Bxf5 22. Qxd5 Qxd5 23. Rxd5 Nc6 24. Re1 Be6 25. Rd2 Rad8 26. Red1 b6 27. f4
Rxd2 28. Rxd2 Rd8 29. Rxd8+ Nxd8 30. a3 Nb7 31. f5 Bb3 32. Bg3 Na5 33. Bb8 Nc6
34. Bd6 Na5 35. Bb8 Nc6 36. Bf4 Na5 37. Kf2 f6 38. Ke3 Kf7 39. Kd4 Nc6+ 40. Ke4
Na5 41. Bb8 Nc6 42. Bd6 Na5 43. Ba6 Ba4 44. c4 Bc6+ 45. Kf4 Bg2 46. c5 Nb7 47.
Bc4+ Ke8 48. Bb5+ Kf7 49. Bb8 bxc5 50. Bxa7 Nd6 51. Be2 c4 52. Bd4 Bc6 53. Ke3
Ke8 54. Bc5 Kd7 55. Kd4 Bg2 56. h4 h5 57. a4 Bh3 58. Bxd6 Kxd6 59. gxh5 Bxf5
60. Bxc4 Bg4 61. Bf7 f5 62. a5 f4 63. Ke4 f3 64. Ke3 Kc6 65. Kf2 Kb5 66. Kg3 f2
67. Kxf2 Kxa5 68. Ke3 Bd1 69. Kf4 Kb6 70. Kf5 Bc2+ 71. Ke6 Kc5 72. Bg6 Bb3+ 73.
Ke7 1-0

[Event "XVII Festival Magistrale"]
[Site "Asti ITA"]
[Date "1996.10.13"]
[Round "9"]
[White "Nurkic, Sahbaz"]
[Black "Krasenkow, Michal"]
[Result "1/2-1/2"]
[WhiteElo "2405"]
[BlackElo "2605"]
[PlyCount "32"]
[EventDate "1996.10.05"]

1. e4 c5 2. c3 e5 3. Nf3 Nc6 4. Bc4 Qc7 5. O-O Be7 6. d4 cxd4 7. cxd4 Nxd4 8.
Nxd4 Qxc4 9. Nf5 Qxe4 10. Nxg7+ Kf8 11. Nh5 d6 12. Ng3 Qg4 13. f3 Qh4 14. Nc3
Nf6 15. Nce4 Rg8 16. Nxd6 Rg6 1/2-1/2

[Event "XVII Festival Magistrale"]
[Site "Asti ITA"]
[Date "1996.10.13"]
[Round "9"]
[White "Pavasovic, Dusko"]
[Black "Skembris, Spyridon"]
[Result "1/2-1/2"]
[WhiteElo "2495"]
[BlackElo "2420"]
[PlyCount "90"]
[EventDate "1996.10.05"]

1. e4 e5 2. Nf3 Nc6 3. d4 exd4 4. Nxd4 Qf6 5. Be3 Bc5 6. c3 Qg6 7. Nd2 Nge7 8.
h4 Bxd4 9. cxd4 d5 10. h5 Qe6 11. h6 g6 12. Rh4 O-O 13. g3 dxe4 14. Bc4 Nd5 15.
Nxe4 Nxe3 16. Bxe6 Nxd1 17. Nf6+ Kh8 18. Bxc8 Raxc8 19. Rxd1 Rcd8 20. d5 Ne5
21. Rb4 b6 22. Ra4 a5 23. d6 cxd6 24. Kf1 Nd7 25. Rxd6 Nxf6 26. Rxf6 Rb8 27. b4
axb4 28. Rxb4 b5 29. a4 bxa4 30. Rxf7 Rbc8 31. Ra7 Ra8 32. Rbxa4 Rxa7 33. Rxa7
Kg8 34. Kg2 Rb8 35. f4 Rf8 36. Kh3 Rf5 37. Ra8+ Kf7 38. Ra7+ Kg8 39. Ra8+ Kf7
40. g4 Rxf4 41. Kh4 Ke6 42. Re8+ Kf6 43. Rh8 Re4 44. Rf8+ Ke7 45. Rg8 Kf6
1/2-1/2

[Event "XVII Festival Magistrale"]
[Site "Asti ITA"]
[Date "1996.10.13"]
[Round "9"]
[White "Ricca, Roberto"]
[Black "Faraoni, Enrico"]
[Result "1/2-1/2"]
[WhiteElo "2051"]
[BlackElo "2160"]
[PlyCount "83"]
[EventDate "1996.10.05"]

1. e4 e6 2. d4 d5 3. Nd2 Nf6 4. e5 Nfd7 5. Bd3 c5 6. c3 Nc6 7. Ngf3 Be7 8. O-O
g5 9. dxc5 g4 10. Nd4 Ndxe5 11. Bb5 Bd7 12. N2b3 Rg8 13. Kh1 Nxd4 14. Bxd7+
Qxd7 15. cxd4 Nc4 16. Qd3 O-O-O 17. Nd2 Bg5 18. Nxc4 dxc4 19. Qxc4 Qxd4 20.
Qxd4 Rxd4 21. a3 Bxc1 22. Raxc1 Rgd8 23. Rc3 Kc7 24. h3 Rd3 25. Rxd3 Rxd3 26.
hxg4 Kc6 27. g3 Rd2 28. b4 Ra2 29. Kg2 Rxa3 30. Rh1 Rb3 31. g5 Rxb4 32. Rxh7 a5
33. Rxf7 a4 34. Rf8 Kxc5 35. f4 Rd4 36. g6 Rd7 37. Rf7 Rd8 38. g7 Rg8 39. Rxb7
Kc4 40. Kf3 a3 41. Ra7 Kb3 42. Ke4 1/2-1/2

[Event "XVII Festival Magistrale"]
[Site "Asti ITA"]
[Date "1996.10.13"]
[Round "9"]
[White "Rossi, Giampiero"]
[Black "Chilese, Carlo"]
[Result "0-1"]
[WhiteElo "2105"]
[BlackElo "1962"]
[PlyCount "82"]
[EventDate "1996.10.05"]

1. d4 Nf6 2. c4 d6 3. Nc3 Nbd7 4. g3 c6 5. Bg2 e5 6. Nf3 Be7 7. Qc2 O-O 8. O-O
Qc7 9. Rd1 Re8 10. b3 Bf8 11. e3 a6 12. Bb2 Qa5 13. Rac1 e4 14. Nd2 d5 15. cxd5
cxd5 16. Na4 Bd6 17. Bc3 Qd8 18. Nc5 Qe7 19. Nxd7 Bxd7 20. Nb1 Bg4 21. Re1 h5
22. Qd2 h4 23. a3 Qe6 24. Bb4 Bb8 25. a4 Qf5 26. Nc3 Bf3 27. Bf1 Ng4 28. Ne2
Nxf2 29. Kxf2 Bxe2+ 30. Kg1 Bf3 31. gxh4 Re6 32. Re2 Rg6+ 33. Rg2 Bxg2 34. Bxg2
Qh3 35. Kf1 Rf6+ 36. Ke1 Qxh4+ 37. Kd1 Bxh2 38. Rc2 Bg3 39. Kc1 Rf2 40. Qc3
Rxc2+ 41. Qxc2 Be1 0-1

[Event "XVII Festival Magistrale"]
[Site "Asti ITA"]
[Date "1996.10.13"]
[Round "9"]
[White "Trumpf, Walter"]
[Black "Vismara, Daniele"]
[Result "0-1"]
[WhiteElo "2155"]
[BlackElo "2155"]
[PlyCount "92"]
[EventDate "1996.10.05"]

1. d4 Nf6 2. Nf3 g6 3. g3 Bg7 4. Bg2 d6 5. O-O O-O 6. Nc3 Nbd7 7. e4 e5 8. Bg5
h6 9. Bxf6 Bxf6 10. Qd2 Bg7 11. Rad1 c6 12. dxe5 dxe5 13. Nh4 Qe7 14. a4 a5 15.
Qd6 Bf6 16. Nf3 Qxd6 17. Rxd6 Be7 18. Rd3 Bb4 19. Rfd1 Nc5 20. Rd8 Bxc3 21.
bxc3 Bg4 22. Rxa8 Rxa8 23. Rb1 Bxf3 24. Bxf3 Nxa4 25. Rxb7 Nxc3 26. Rb3 a4 27.
Ra3 Nb5 28. Ra1 a3 29. Bg2 Nc3 30. Bf1 Kf8 31. f3 a2 32. Bc4 Rb8 33. Rxa2 Rb1+
34. Kg2 Nxa2 35. Bxa2 Rc1 36. Bb3 Ke7 37. g4 f6 38. h4 Kd6 39. Kg3 Kc5 40. Bf7
g5 41. Bb3 Kd4 42. hxg5 hxg5 43. Kf2 Kc3 44. Ba4 Rxc2+ 45. Bxc2 Kxc2 46. Ke3 c5
0-1

[Event "XVII Festival Magistrale"]
[Site "Asti ITA"]
[Date "1996.10.13"]
[Round "9"]
[White "Venturino, Marco"]
[Black "Mrdja, Milan"]
[Result "0-1"]
[WhiteElo "2116"]
[BlackElo "2455"]
[PlyCount "81"]
[EventDate "1996.10.05"]

1. e4 c5 2. f4 Nc6 3. Nf3 e6 4. Bb5 Nge7 5. O-O a6 6. Bxc6 Nxc6 7. d3 Be7 8. c4
d5 9. exd5 exd5 10. Nc3 dxc4 11. dxc4 Be6 12. Nd5 Bxd5 13. cxd5 Nb4 14. a3 Nxd5
15. Qb3 b5 16. Ne5 c4 17. Qf3 O-O 18. Rd1 Qb6+ 19. Kh1 Nf6 20. g4 Rfd8 21. Be3
Qe6 22. Nc6 Rxd1+ 23. Rxd1 Rc8 24. Nxe7+ Qxe7 25. g5 Ne4 26. Rd5 f6 27. gxf6
Nxf6 28. Re5 Qd7 29. f5 Re8 30. Rxe8+ Qxe8 31. Kg2 h6 32. Bd4 Ne4 33. h4 Qe7
34. Qf4 Qb7 35. Kh2 Qc6 36. Qe5 Nf6 37. Qf4 Ne8 38. Kg3 Kf7 39. Kh3 Nf6 40. Qe5
Qd5 41. Qg3 0-1

[Event "XII Corsicoscacchi A"]
[Site "Corsico ITA"]
[Date "1996.10.12"]
[Round "4"]
[White "D'Alfonso, Nicola"]
[Black "Righini, Giovanni"]
[Result "0-1"]
[WhiteElo "1863"]
[BlackElo "1800"]
[PlyCount "100"]
[EventDate "1996.10.05"]

1. e4 e6 2. d4 d5 3. e5 b6 4. Qg4 h5 5. Qg3 Ne7 6. Bd3 Ba6 7. Bg5 Bxd3 8. Qxd3
Qd7 9. Ne2 Nbc6 10. O-O Nf5 11. c3 Be7 12. Bd2 O-O-O 13. b4 h4 14. Nc1 a5 15.
bxa5 Nxa5 16. Qa6+ Kb8 17. Nb3 Nc4 18. a4 Qc8 19. Qxc8+ Rxc8 20. a5 Kb7 21.
axb6 cxb6 22. g4 hxg3 23. fxg3 f6 24. exf6 gxf6 25. Bf4 Nfd6 26. Re1 Ne4 27.
N1d2 f5 28. Nxe4 fxe4 29. Ra2 Ra8 30. Rea1 Rxa2 31. Rxa2 Rc8 32. Kf2 Nd6 33.
Bxd6 Bxd6 34. Rc2 Bb4 35. c4 Rxc4 36. Rxc4 dxc4 37. Na1 Bc3 38. Nc2 Kc6 39. Ke3
Kd5 40. h4 e5 41. dxe5 Kxe5 42. h5 Bb2 43. Ke2 Bc1 44. Ne3 Bxe3 45. Kxe3 b5 46.
h6 Kf6 47. g4 b4 48. Kd4 Kg6 49. Kxc4 e3 50. Kd3 b3 0-1

[Event "XII Corsicoscacchi A"]
[Site "Corsico ITA"]
[Date "1996.10.12"]
[Round "4"]
[White "Pulito, Alberto"]
[Black "Barazzetta, Massimo"]
[Result "0-1"]
[WhiteElo "1651"]
[BlackElo "1752"]
[PlyCount "126"]
[EventDate "1996.10.05"]

1. e4 d5 2. exd5 Nf6 3. d4 Nxd5 4. Nf3 Bg4 5. Be2 Nc6 6. c4 Nb6 7. d5 Bxf3 8.
Bxf3 Ne5 9. b3 g6 10. Bb2 Bg7 11. Nc3 O-O 12. O-O c6 13. Rb1 cxd5 14. Bxd5 Nxd5
15. Nxd5 e6 16. Nf4 Qc7 17. Qe2 Rfd8 18. Rfd1 Rac8 19. Nh3 h5 20. f3 Qc5+ 21.
Nf2 Nc6 22. Bxg7 Kxg7 23. Qb2+ Kg8 24. Kh1 Rd4 25. Rxd4 Qxd4 26. Qxd4 Nxd4 27.
Rd1 Rd8 28. Ne4 Kg7 29. Nc3 Nc6 30. Rxd8 Nxd8 31. Kg1 Kf6 32. Kf2 Ke5 33. Ke3
f5 34. g3 g5 35. Ne2 Kd6 36. f4 g4 37. Nd4 a6 38. b4 b6 39. a3 Nb7 40. Kd3 Nd8
41. Ke3 Nb7 42. Kd3 Nd8 43. Kc3 Nb7 44. Kd3 Nd8 45. a4 Nb7 46. Kc3 Nd8 47. Ne2
Nb7 48. Kd4 a5 49. bxa5 Nxa5 50. Nc1 Nc6+ 51. Ke3 Kc5 52. Kd3 Kb4 53. Ne2 Kxa4
54. Nd4 Nxd4 55. Kxd4 Kb4 56. Kd3 Kc5 57. Kc3 e5 58. fxe5 f4 59. gxf4 h4 60. e6
Kd6 61. Kd2 g3 62. hxg3 h3 63. e7 Kxe7 0-1

[Event "VIII Festival A"]
[Site "Lucca ITA"]
[Date "1996.10.??"]
[Round "?"]
[White "Arrighini, Giovanni"]
[Black "Mola, Pietro"]
[Result "0-1"]
[WhiteElo "1830"]
[BlackElo "2175"]
[PlyCount "74"]
[EventDate "1996.10.??"]

1. e4 c5 2. c4 Nc6 3. Nc3 g6 4. g3 Bg7 5. Bg2 e6 6. Nge2 Nge7 7. O-O O-O 8. Rb1
b6 9. a3 Bb7 10. b4 d6 11. b5 Ne5 12. d3 f5 13. f4 Nd7 14. Bb2 Qc7 15. Qc2 Rae8
16. Rbe1 Nf6 17. h3 Nd7 18. a4 e5 19. Nd5 Nxd5 20. cxd5 Qd8 21. fxe5 dxe5 22.
Qc1 Bc8 23. Qa1 Qg5 24. Bc1 Qe7 25. Bb2 Qd6 26. exf5 Rxf5 27. Rxf5 gxf5 28. Nf4
Nf8 29. Nh5 Bh8 30. Nf4 Re7 31. h4 exf4 32. Rxe7 Bxb2 33. Qe1 Bf6 34. Rxa7 fxg3
35. Bf3 Qb8 36. Qe8 Qxa7 37. Qxc8 Qe7 0-1

[Event "VIII Festival A"]
[Site "Lucca ITA"]
[Date "1996.10.??"]
[Round "?"]
[White "Mola, Pietro"]
[Black "Arrighini, Giovanni"]
[Result "1-0"]
[WhiteElo "2175"]
[BlackElo "1830"]
[PlyCount "85"]
[EventDate "1996.10.??"]

1. e4 d5 2. exd5 Nf6 3. d4 Nxd5 4. c4 Nb6 5. Nf3 g6 6. Be2 Bg7 7. O-O O-O 8. h3
Nc6 9. Be3 e5 10. d5 Ne7 11. Nc3 h6 12. Qd2 Nf5 13. Bc5 Re8 14. Ne4 Nd7 15. Bb4
Nf6 16. Nxf6+ Qxf6 17. Bc3 Nd4 18. Nxd4 exd4 19. Bb4 d3 20. Bxd3 Qxb2 21. Qxb2
Bxb2 22. Rab1 Bg7 23. Bd2 c5 24. a4 b6 25. a5 bxa5 26. Be3 Bf5 27. Bxf5 gxf5
28. Rb5 a4 29. Bxc5 Re4 30. Rc1 Bd4 31. d6 Bxc5 32. Rxc5 Rd4 33. Rc6 a3 34. c5
a2 35. Ra6 Rd2 36. Ra1 Rc8 37. R6xa2 Rxa2 38. Rxa2 Rxc5 39. Rxa7 Rd5 40. d7 Kg7
41. g3 Kg6 42. Kg2 Rd6 43. Ra6 1-0

[Event "VIII Festival A"]
[Site "Lucca ITA"]
[Date "1996.10.??"]
[Round "?"]
[White "Mola, Pietro"]
[Black "Jurkovic, Ante"]
[Result "1/2-1/2"]
[WhiteElo "2175"]
[BlackElo "2320"]
[PlyCount "78"]
[EventDate "1996.10.??"]

1. e4 e6 2. d4 d5 3. Nd2 Nf6 4. e5 Nfd7 5. Bd3 c5 6. c3 Nc6 7. Ne2 cxd4 8. cxd4
f6 9. exf6 Qxf6 10. Nf3 h6 11. O-O Bd6 12. Be3 O-O 13. Ng3 Rd8 14. Rc1 Nf8 15.
Re1 Bd7 16. a3 a6 17. Ne5 Be8 18. f4 Rdc8 19. Qg4 Ne7 20. Rcd1 Bg6 21. Nh5 Bxh5
22. Qxh5 Nf5 23. Bf2 g6 24. Qh3 h5 25. Kh1 Rc7 26. Qf3 Rh7 27. Rc1 Re8 28. Rc2
Ree7 29. Rec1 Rc7 30. g3 Rxc2 31. Rxc2 Rc7 32. Kg2 Kg7 33. Qd1 Qd8 34. Rxc7+
Qxc7 35. Qc2 Nh7 36. Qxc7+ Bxc7 37. Nd7 Nd6 38. h3 Nf6 39. Nxf6 Kxf6 1/2-1/2

[Event "VIII Festival A"]
[Site "Lucca ITA"]
[Date "1996.10.??"]
[Round "?"]
[White "Mola, Pietro"]
[Black "Lovric, Branko"]
[Result "1-0"]
[WhiteElo "2175"]
[BlackElo "2370"]
[PlyCount "101"]
[EventDate "1996.10.??"]

1. e4 Nc6 2. Nf3 d6 3. d4 a6 4. Be2 g6 5. O-O Bg7 6. d5 Na7 7. Nbd2 Nf6 8. c4
O-O 9. Rb1 c5 10. a3 b5 11. b4 cxb4 12. Rxb4 Bd7 13. cxb5 Nxb5 14. Bb2 Nh5 15.
Bxg7 Nxg7 16. Qb3 Nh5 17. a4 Nc7 18. Rc1 a5 19. Rb7 Na6 20. Bxa6 Rxa6 21. e5
dxe5 22. Nxe5 Nf6 23. Nxd7 Nxd7 24. Qb5 Rd6 25. Ne4 Ne5 26. Nxd6 exd6 27. Rb1
Qg5 28. Rb8 Nf3+ 29. Kh1 Nh4 30. g3 Nf3 31. Rxf8+ Kxf8 32. Qd3 Qg4 33. Qc3 Ne5
34. f4 Qe2 35. Re1 Qc4 36. Qxc4 Nxc4 37. Rb1 Ke7 38. Kg2 Kf6 39. Rb5 Kf5 40.
Kf3 h5 41. h3 g5 42. g4+ hxg4+ 43. hxg4+ Kf6 44. Rb7 gxf4 45. Kxf4 Kg6 46. Rc7
Nb6 47. Rc6 Nxd5+ 48. Kf3 f6 49. Rxd6 Nb4 50. Rb6 Nd5 51. Rb5 1-0

[Event "I C.to Romano"]
[Site "Roma ITA"]
[Date "1996.10.??"]
[Round "1"]
[White "Campomori, Bruno"]
[Black "Tamburini, Massimiliano"]
[Result "1/2-1/2"]
[WhiteElo "1826"]
[BlackElo "1600"]
[PlyCount "60"]
[EventDate "1996.10.01"]

1. e4 d5 2. exd5 Qxd5 3. Nc3 Qd8 4. d4 e6 5. Nf3 Bb4 6. Bd3 Bxc3+ 7. bxc3 h6 8.
O-O Nf6 9. Ba3 Nc6 10. Qe2 b6 11. Bb5 Bd7 12. c4 Ne7 13. Bxd7+ Nxd7 14. d5 Nc5
15. Rad1 e5 16. Qxe5 O-O 17. Bb2 f6 18. Qh5 Qd6 19. Rfe1 Rae8 20. g3 Kh7 21.
Nd4 Ng6 22. Nf5 Rxe1+ 23. Rxe1 Qd7 24. Bd4 Re8 25. Be3 Re5 26. g4 Nf4 27. Qh4
Ng6 28. Qh3 Nf4 29. Qg3 Ng6 30. f3 Qa4 1/2-1/2

[Event "I C.to Romano"]
[Site "Roma ITA"]
[Date "1996.10.??"]
[Round "1"]
[White "Celletti, Luca"]
[Black "Verrascina, Nicola"]
[Result "0-1"]
[WhiteElo "1600"]
[BlackElo "2080"]
[PlyCount "130"]
[EventDate "1996.10.01"]

1. e4 d5 2. exd5 Nf6 3. Bb5+ Bd7 4. Bc4 Bg4 5. f3 Bf5 6. Nc3 Nbd7 7. d3 Nb6 8.
Bb3 Nbxd5 9. Bd2 e6 10. Nge2 Bc5 11. Ne4 Ne3 12. Bxe3 Bxe3 13. N2g3 Bxe4 14.
dxe4 O-O 15. Qxd8 Rfxd8 16. Ke2 Bf4 17. Nf1 a5 18. a4 Nd7 19. c3 Ra6 20. Bc2
Rb6 21. Rb1 Ne5 22. g3 Bh6 23. f4 Nc4 24. b3 Na3 25. Rd1 Rbd6 26. Rxd6 Rxd6 27.
e5 Rb6 28. Bd1 g5 29. fxg5 Bg7 30. Ne3 Bxe5 31. c4 Nb1 32. Kd3 Rd6+ 33. Kc2
Na3+ 34. Kc1 Bc3 35. Nc2 Bd2+ 36. Kb2 Nxc2 37. Kxc2 Bxg5 38. Bf3 Rd2+ 39. Kc3
b6 40. h4 Rf2 41. Bc6 Bf6+ 42. Kd3 Rb2 43. g4 Rxb3+ 44. Ke4 Rg3 45. Bb5 c6 46.
Ba6 Ra3 47. g5 Be7 48. Rb1 Bc5 49. Rh1 Rxa4 50. Ke5 Ra2 51. Bb7 Re2+ 52. Kf4 a4
53. Bxc6 a3 54. Kf3 Rf2+ 55. Ke4 Rd2 56. Ba4 a2 57. Bb3 Rb2 58. Bxa2 Rxa2 59.
Rh3 Ra3 60. Rh1 Rc3 61. Ke5 Rxc4 62. h5 Rg4 63. Kf6 Kf8 64. Rd1 Bd4+ 65. Rxd4
Rxd4 0-1

[Event "I C.to Romano"]
[Site "Roma ITA"]
[Date "1996.10.??"]
[Round "1"]
[White "D'Intino, Vitale"]
[Black "Mariotti, Sergio"]
[Result "0-1"]
[WhiteElo "1543"]
[BlackElo "2435"]
[PlyCount "50"]
[EventDate "1996.10.01"]

1. e4 c5 2. f4 e6 3. Nf3 a6 4. c3 d5 5. e5 Nc6 6. Bd3 Nge7 7. Bc2 g6 8. d3 h5
9. Nbd2 Nf5 10. Nf1 Be7 11. Be3 Bd7 12. Qd2 b5 13. a3 a5 14. Qf2 Qb6 15. b4
axb4 16. cxb4 Nxb4 17. Rc1 Rxa3 18. Bb1 d4 19. Bd2 Nxd3+ 20. Bxd3 Rxd3 21. Ra1
Bc6 22. Ba5 Qb7 23. N1d2 Re3+ 24. Kd1 O-O 25. Re1 Ra8 0-1

[Event "I C.to Romano"]
[Site "Roma ITA"]
[Date "1996.10.??"]
[Round "1"]
[White "De Carolis, Maurizio"]
[Black "Malloni, Marcello"]
[Result "0-1"]
[WhiteElo "1570"]
[BlackElo "2230"]
[PlyCount "39"]
[EventDate "1996.10.01"]

1. c4 Nf6 2. g3 e6 3. Bg2 d5 4. cxd5 exd5 5. d4 c6 6. Nf3 Bd6 7. O-O O-O 8. Nc3
Re8 9. Qc2 h6 10. Re1 Nbd7 11. Bd2 Ne4 12. Ne5 Bxe5 13. dxe5 Nxd2 14. Qxd2 Nxe5
15. Qc2 Bg4 16. h3 Be6 17. Rad1 Qf6 18. b3 Rad8 19. Na4 Bc8 20. Qc5 $138 0-1

[Event "I C.to Romano"]
[Site "Roma ITA"]
[Date "1996.10.??"]
[Round "1"]
[White "De Rosa, Gaetano"]
[Black "Pompa, Alessandro"]
[Result "0-1"]
[WhiteElo "1600"]
[BlackElo "2055"]
[PlyCount "102"]
[EventDate "1996.10.01"]

1. e4 c6 2. d4 d5 3. Nd2 dxe4 4. Nxe4 Nd7 5. Nf3 Ngf6 6. Ng3 e6 7. Bg5 c5 8.
Bb5 a6 9. Bxd7+ Bxd7 10. Ne4 cxd4 11. Qxd4 Qa5+ 12. c3 Nxe4 13. Qxe4 Bc6 14.
Qe3 Bc5 15. Qf4 Qb6 16. O-O Qxb2 17. Qe5 Bxf2+ 18. Kh1 O-O 19. Rad1 Ba7 20. Qg3
Qxc3 21. Qg4 Rae8 22. Ne5 f5 23. Qf4 Bb8 24. Rfe1 Qb2 25. Rd2 Bxe5 26. Qxe5
Qxe5 27. Rxe5 Bd5 28. h3 Rc8 29. Kh2 h6 30. Bh4 Rc4 31. Bf2 Rfc8 32. Ree2 Ra4
33. Rb2 Rc1 34. Bg3 Ra1 35. Rbc2 R4xa2 36. Rc8+ Kh7 37. Rec2 Rxc2 38. Rxc2 Ra2
39. Rxa2 Bxa2 40. Bc7 g5 41. g3 Kg6 42. Kg2 Kf6 43. Kf3 e5 44. Ke3 Bd5 45. h4
gxh4 46. gxh4 f4+ 47. Kf2 h5 48. Ke2 Bc4+ 49. Kf2 Kf5 50. Bb6 Kg4 51. Bd8 e4
0-1

[Event "I C.to Romano"]
[Site "Roma ITA"]
[Date "1996.10.??"]
[Round "1"]
[White "Fanciulli, Gianluca"]
[Black "Buonanno, Massimo"]
[Result "1/2-1/2"]
[WhiteElo "1564"]
[BlackElo "1686"]
[PlyCount "121"]
[EventDate "1996.10.01"]

1. d4 Nf6 2. c4 c5 3. d5 b5 4. Nf3 Bb7 5. Qc2 bxc4 6. e4 d6 7. Bxc4 Nbd7 8. O-O
g6 9. Nc3 Bg7 10. Bg5 O-O 11. Rab1 Nb6 12. b3 a5 13. Bxf6 Bxf6 14. Bb5 e6 15.
dxe6 fxe6 16. Nd2 d5 17. exd5 exd5 18. Rbe1 Rc8 19. Re6 Qc7 20. Bd3 Bg7 21. Nb5
Qd8 22. Rfe1 Nd7 23. Nd6 Rb8 24. Nxb7 Rxb7 25. Re7 Qb6 26. R1e6 Qb4 27. Nf3 Qc3
28. Bxg6 Qxc2 29. Bxc2 Bf6 30. Rxh7 c4 31. Rd6 cxb3 32. axb3 Bg7 33. h4 Nf6 34.
Rxg7+ Kxg7 35. Nd4 Rc8 36. Rc6 Rxc6 37. Nxc6 Rc7 38. Nd4 Kh6 39. f3 Ne8 40. Kf2
Nd6 41. Ke2 Nb5 42. Nf5+ Kh7 43. Kd2 Na3 44. Kd3 Kh8 45. Ne3 Rb7 46. Kc3 Nxc2
47. Kxc2 Rd7 48. Kc3 Kh7 49. Nc2 Kh6 50. b4 a4 51. b5 Kh5 52. g3 Rf7 53. Kb4
Rxf3 54. Kxa4 Rxg3 55. Kb4 Kxh4 56. Kc5 Rc3+ 57. Kxd5 Rxc2 58. b6 Kg5 59. Kd6
Kf6 60. b7 Rb2 61. Kc7 1/2-1/2

[Event "I C.to Romano"]
[Site "Roma ITA"]
[Date "1996.10.??"]
[Round "1"]
[White "Farina, Saverio"]
[Black "Arca', Luciano"]
[Result "1-0"]
[WhiteElo "2210"]
[BlackElo "1483"]
[PlyCount "107"]
[EventDate "1996.10.01"]

1. d4 Nf6 2. c4 c5 3. e3 d6 4. Nc3 g6 5. Nf3 Bg4 6. Be2 Bg7 7. O-O O-O 8. h3
Bf5 9. b3 Nc6 10. Bb2 b6 11. Bd3 Qc8 12. Bxf5 Qxf5 13. Qe2 Qd7 14. d5 Nb4 15.
a3 Na6 16. Nb5 Nc7 17. Nxc7 Qxc7 18. Rac1 Qb7 19. e4 Bh6 20. Rc2 Nd7 21. e5
dxe5 22. Nxe5 Bg7 23. Nxd7 Qxd7 24. Bxg7 Kxg7 25. Re1 Rae8 26. Qe5+ f6 27. Qe6
Qd6 28. Rce2 Qxe6 29. Rxe6 Kf7 30. f4 h6 31. Kf2 Rg8 32. g3 h5 33. R1e3 Rgf8
34. Ke2 Rg8 35. Kd2 Rgf8 36. Kc3 Rg8 37. b4 cxb4+ 38. Kxb4 g5 39. f5 g4 40. h4
a6 41. Rxb6 Rb8 42. Ree6 Rgc8 43. c5 Rd8 44. Rxb8 Rxb8+ 45. Rb6 Rd8 46. Kc4 Ra8
47. Rb7 Ke8 48. c6 Kd8 49. Kc5 a5 50. a4 Ra6 51. Kb5 Ra8 52. Kb6 Rc8 53. Rd7+
Ke8 54. Kb7 1-0

[Event "I C.to Romano"]
[Site "Roma ITA"]
[Date "1996.10.??"]
[Round "1"]
[White "Galeno, Giorgio"]
[Black "Fortunato, Mimmo"]
[Result "1-0"]
[WhiteElo "1725"]
[BlackElo "1600"]
[PlyCount "101"]
[EventDate "1996.10.01"]

1. d4 Nf6 2. c4 g6 3. Nc3 Bg7 4. e4 d6 5. Nge2 O-O 6. Ng3 e5 7. d5 a5 8. Be2
Na6 9. h4 h6 10. Be3 Kh7 11. Qd2 Nc5 12. f3 h5 13. Bg5 c6 14. Nf1 Qe8 15. Nh2
Rh8 16. O-O-O cxd5 17. Nxd5 Nxd5 18. Qxd5 f6 19. Be3 Bf8 20. g4 Kg7 21. Bxc5
dxc5 22. gxh5 Rxh5 23. Ng4 Rb8 24. Qd8 Kf7 25. Qxf6+ Kg8 26. Rd8 Qf7 27. Qxf7+
Kxf7 28. Kc2 Be7 29. Rd5 Bxg4 30. fxg4 Rxh4 31. Rxh4 Bxh4 32. Rxc5 b6 33. Rxe5
Rc8 34. Rd5 Bf2 35. Kd3 Ke6 36. e5 g5 37. Ke4 Bc5 38. Rd1 Rf8 39. Rf1 Rd8 40.
Rf6+ Ke7 41. Kf5 Rd2 42. Bf3 Be3 43. Bd5 Rxb2 44. Rf7+ Kd8 45. e6 Bc5 46. Rd7+
Ke8 47. Bc6 Kf8 48. Kf6 Rf2+ 49. Kg6 Be7 50. Rb7 Rb2 51. Rb8+ 1-0

[Event "I C.to Romano"]
[Site "Roma ITA"]
[Date "1996.10.??"]
[Round "1"]
[White "Gatta, Flavio"]
[Black "Viscardi, Riccardo"]
[Result "0-1"]
[WhiteElo "1528"]
[BlackElo "1600"]
[PlyCount "89"]
[EventDate "1996.10.01"]

1. e4 c6 2. d4 d5 3. Nc3 dxe4 4. Nxe4 Nd7 5. Ng5 Ngf6 6. Bd3 e6 7. N1f3 h6 8.
Ne4 Nxe4 9. Bxe4 Nf6 10. Qd3 Bd6 11. Bd2 Qc7 12. O-O-O Nxe4 13. Qxe4 b6 14. Bc3
O-O 15. Ne5 Bb7 16. Qg4 Bxe5 17. dxe5 Rfd8 18. Rd6 c5 19. Rhd1 Kf8 20. f4 Bd5
21. f5 exf5 22. Qxf5 Be6 23. Rxe6 Rxd1+ 24. Kxd1 Qd7+ 25. Kc1 Qxe6 26. Qe4 Rd8
27. b3 Qd5 28. Qg4 Qe6 29. Qe4 Rd5 30. Qf4 b5 31. g4 h5 32. h3 hxg4 33. hxg4
Qh6 34. Qxh6 gxh6 35. Bd2 Kg7 36. Kd1 Rxe5 37. Bc3 f6 38. Bxe5 fxe5 39. c4 bxc4
40. bxc4 Kf6 41. Ke2 e4 42. Ke3 Ke5 43. Kf2 Kf4 44. Ke2 Kxg4 45. Ke3 0-1

[Event "I C.to Romano"]
[Site "Roma ITA"]
[Date "1996.10.??"]
[Round "1"]
[White "Manno, Vincenzo"]
[Black "Pienabarca, Nicola"]
[Result "1/2-1/2"]
[WhiteElo "1495"]
[BlackElo "1950"]
[PlyCount "150"]
[EventDate "1996.10.01"]

1. c4 Nf6 2. Nc3 e6 3. g3 d5 4. cxd5 exd5 5. Bg2 c6 6. d4 Bd6 7. Nf3 Nbd7 8.
O-O O-O 9. Re1 Re8 10. a3 Nf8 11. b4 Bf5 12. Bb2 Ne4 13. Rc1 Nxc3 14. Bxc3 Be4
15. Nh4 Bxg2 16. Kxg2 Qd7 17. Qd3 Qg4 18. Qf5 Qxf5 19. Nxf5 Bc7 20. b5 g6 21.
Nh6+ Kg7 22. Bd2 Bb6 23. bxc6 bxc6 24. Rxc6 Ne6 25. Ng4 h5 26. Ne3 Red8 27. Nc2
Rac8 28. Nb4 Bxd4 29. Rxc8 Rxc8 30. Nxd5 Rc2 31. Bb4 Nc5 32. Rd1 Ne6 33. Rd2
Rxd2 34. Bxd2 Bc5 35. a4 f5 36. Bb4 Bxb4 37. Nxb4 Nc5 38. Nc6 a6 39. Nb4 Kf6
40. Kf3 g5 41. a5 Ke5 42. Ke3 Kd6 43. Kd4 Nb3+ 44. Kc3 Nxa5 45. Nxa6 Nc6 46. f4
gxf4 47. gxf4 h4 48. h3 Ne7 49. Nb4 Ng8 50. Kd4 Nf6 51. Nd3 Ne4 52. e3 Ng3 53.
Nf2 Ne2+ 54. Kd3 Ng1 55. e4 fxe4+ 56. Kxe4 Ke6 57. f5+ Kf6 58. Kf4 Ne2+ 59. Kg4
Nd4 60. Ne4+ Ke5 61. Nd2 Nxf5 62. Nf3+ Kf6 63. Kh5 Ng7+ 64. Kxh4 Kg6 65. Kg4
Kh6 66. Nd4 Kg6 67. h4 Nh5 68. Nf3 Nf6+ 69. Kf4 Nh5+ 70. Ke5 Nf6 71. Ke6 Nh5
72. Ne5+ Kh6 73. Kf7 Nf4 74. Kf6 Kh5 75. Nf3 Ng2 1/2-1/2

[Event "I C.to Romano"]
[Site "Roma ITA"]
[Date "1996.10.??"]
[Round "1"]
[White "Marzano, Carlo"]
[Black "Bruno, Fabio"]
[Result "1-0"]
[WhiteElo "2165"]
[BlackElo "2260"]
[PlyCount "65"]
[EventDate "1996.10.01"]

1. d4 c5 2. c3 e6 3. Nf3 Nc6 4. e4 d5 5. exd5 Qxd5 6. Bd3 cxd4 7. cxd4 Bb4+ 8.
Nc3 Bxc3+ 9. bxc3 Nge7 10. O-O O-O 11. c4 Qd6 12. Bb2 Rd8 13. Qe2 b6 14. Qe4
Ng6 15. h4 f5 16. Qe3 Bb7 17. Rfe1 Nb4 18. Bb1 Bxf3 19. Qxf3 Nxh4 20. Qc3 Rd7
21. g3 Ng6 22. c5 bxc5 23. dxc5 Qb8 24. Rxe6 Nd5 25. Qd4 Nf6 26. Rd6 Rxd6 27.
cxd6 f4 28. Be4 fxg3 29. fxg3 Nf8 30. Bd5+ Kh8 31. Qxf6 Qb6+ 32. Kh2 Ne6 33.
Bxe6 1-0